000 00326 a2200157 4500
001 62014
020 _a9788510054157
040 _cAnchieta - Pituba
100 _aMocellin, Renato
240 1 0 _aHistória 6
_lpor
245 1 0 _aHistória 6
300 _a287
362 0 _a2013
650 4 _aHistória do mundo
942 _cBK
999 _c62014
_d62014